[Event "Cattolica"]
[Site "Cattolica"]
[Date "1993.??.??"]
[Round "6"]
[White "Schlosser, Philipp"]
[Black "Sulava, Nenad"]
[Result "1/2-1/2"]
[WhiteElo "2550"]
[BlackElo "2430"]

1.Nf3 d5 2.c4 dxc4 3.e3 a6 4.Bxc4 Nf6 5.d4 e6 6.O-O b5 7.Be2 Nbd7 8.a4 b4
9.b3 Bb7 10.Nbd2 Be7 11.Bb2 O-O 12.Rc1 c5 13.dxc5 Nxc5 14.Bd4 Nfe4 15.Nxe4 Nxe4
16.Bd3 Bf6 17.Bxe4 Bxe4 18.Rc4 Bd5 19.Bxf6 Qxf6 20.Rxb4 Rab8 21.Rxb8 Rxb8
22.Nd2 Qg6 23.e4 Bxe4 24.Nxe4 Qxe4 25.Qd6 Qb4 26.Qxa6 Qxb3 27.a5 Qb7 28.Qxb7 Rxb7
29.a6 Ra7 30.Rb1 g5 31.Rb6 Kg7 32.Kf1 Kf6 33.Ke2 Ke5 34.Kf3 h6 35.Kg4 f5+
36.Kh5 Kf6 37.h3 Ra8 38.g3 Ra7 39.f3 Ra8 40.h4 Ra7 41.g4 fxg4 42.fxg4 Ra8
43.Rc6 gxh4 44.Kxh4 Ke5 45.Rb6 Kd5 46.Kg3 Ra7 47.Kf3 Rf7+ 48.Ke3 Rg7 49.Rb4 Kc5
50.Ra4 Kb6 51.Kf4 Ka7 52.Ra5 Rg6 53.Kg3 Rf6 54.Kh4 Rf1 55.Kh5 Rh1+ 56.Kg6 Rh4
57.Re5  1/2-1/2

[Event "Cattolica"]
[Site "Cattolica"]
[Date "1993.??.??"]
[Round "6"]
[White "Laketic, Gojko"]
[Black "Upton, Timothy J"]
[Result "1-0"]
[WhiteElo "2410"]
[BlackElo "2245"]

1.Nf3 d5 2.c4 e6 3.d4 Nf6 4.Nc3 Be7 5.Bg5 O-O 6.e3 h6 7.Bxf6 Bxf6 8.Rc1 c6
9.Bd3 Nd7 10.O-O dxc4 11.Bxc4 e5 12.h3 exd4 13.exd4 Nb6 14.Bb3 Bf5 15.Re1 a5
16.a3 Re8 17.Rxe8+ Qxe8 18.Qd2 Qd7 19.Re1 Re8 20.Rxe8+ Qxe8 21.Qf4 Be6 22.Bxe6 Qxe6
23.Ne4 Be7 24.Qb8+ Qc8 25.Qe5 Nd5 26.Nc3 Nxc3 27.bxc3 Bxa3 28.Qxa5 Bd6 29.c4 Qb8
30.c5 Bc7 31.Qa2 b6 32.cxb6 Qxb6 33.g3 Bd6 34.Qa8+ Kh7 35.Qe8 Qc7 36.Kg2 c5
37.Qe4+ Kg8 38.Qe8+ Kh7 39.Qe4+ Kg8 40.h4 Qe7 41.Qg4 cxd4 42.Nxd4 Qf6 43.Nf5 Bf8
44.h5 Qg5 45.Qxg5 hxg5 46.Kf3 f6 47.Ke4 Kf7 48.Kd5 g6 49.hxg6+ Kxg6 50.g4 Ba3
51.Ke6 Bb2 52.f3 Bc3 53.Ke7 Bb4+ 54.Ke6 Bc3 55.Ne3 Bb2 56.Nd5 Bd4 57.Ne7+ Kh7
58.Kf7 Bb2 59.Ng8 Bc3 60.Nxf6+ Kh6 61.Nd5 Bb2 62.Ke6 Kg6 63.Ne7+ Kh6 64.Kf5 Bc1
65.Ng8+ Kg7 66.Nf6 Kh6 67.Ne4 Be3 68.Kf6 Bd4+ 69.Kf5 Be3 70.Nd6 Kg7 71.Nc4 Bc1
72.Ne5 Be3 73.Nd3 Bd2 74.Nc5 Kh6 75.Kf6 Bc3+ 76.Kf7 Bb2 77.Ne4 Bc1 78.Ng3 Bb2
79.Nf5+ Kh7 80.Ne3 Kh6 81.Ke6 Kg6 82.Nf5 Bc3 83.Nd6 Bb2 84.Nf7 Bc1 85.Ne5+ Kg7
86.Kf5 Bd2 87.Nd7 Kh6 88.Nf6 Bc3 89.Ne4 Ba5 90.Nxg5 Kg7 91.Ne4 Kh6 92.Nd6 Bd2
93.Nf7+  1-0

[Event "Ceske Budejovice op"]
[Site "Ceske Budejovice"]
[Date "1993.??.??"]
[Round "6"]
[White "Shalamberidze, Akaki"]
[Black "Aleksieva, Silvia"]
[Result "0-1"]
[WhiteElo "2330"]
[BlackElo "2165"]

1.Nf3 d5 2.c4 e6 3.d4 Nf6 4.Bg5 Be7 5.e3 O-O 6.Nc3 h6 7.Bh4 b6 8.cxd5 Nxd5
9.Bxe7 Qxe7 10.Nxd5 exd5 11.Qb3 Bb7 12.Rc1 c6 13.Ne5 c5 14.Qd1 Qe6 15.Nf3 c4
16.b3 b5 17.Be2 Nd7 18.O-O a6 19.Nd2 Nf6 20.Bf3 Rfe8 21.Qc2 Rab8 22.Nb1 Re7
23.a4 c3 24.Qxc3 Rc8 25.Qb4 Rec7 26.axb5 axb5 27.Rfe1  0-1

[Event "JUG-chT"]
[Site "Cetinje"]
[Date "1993.??.??"]
[Round "?"]
[White "Notaros, Krasoje"]
[Black "Vucinic, Pero"]
[Result "1-0"]
[WhiteElo "2360"]
[BlackElo "2325"]

1.Nf3 d5 2.c4 e6 3.g3 Nf6 4.Bg2 c6 5.b3 Nbd7 6.Bb2 Bd6 7.d4 O-O 8.O-O Ne4
9.Nbd2 f5 10.Qc2 Qe7 11.Ne5 Nxd2 12.Qxd2 Nxe5 13.dxe5 Bb4 14.Qd3 Ba3 15.Bxa3 Qxa3
16.e3 Kh8 17.Rfc1 b6 18.Qd4 c5 19.Qh4 Ba6 20.cxd5 exd5 21.Bxd5 Rad8 22.Bc4 Bxc4
23.Qxc4 Qb2 24.e6 Qe5 25.Rd1 Rde8 26.a4 Rxe6 27.Ra2 Qe4 28.a5 Qc6 29.axb6 axb6
30.Qd5 Qe8 31.Ra7 Re7 32.Ra6 Qb5 33.Ra8 Ree8 34.Ra7 h6 35.Qd7 Qxd7 36.Rdxd7 Rg8
37.Rab7 Re6 38.Rf7 Rg6 39.Rxf5 Ra8 40.h4 Ra1+ 41.Kg2 Ra8 42.h5 Rd6 43.Rff7 g5
44.Kf3 Kg8 45.Kg4 Rad8 46.Rg7+ Kh8 47.Rh7+ Kg8 48.e4 Rf6 49.Rbg7+ Kf8 50.Rg6 Rxf2
51.Rh8+ Ke7 52.Rxd8 Kxd8 53.Rxb6 Re2 54.Rxh6 Rxe4+ 55.Kxg5 Re3 56.g4 Kc7
57.Rf6 Rxb3 58.h6 c4 59.h7 Rb8 60.Rh6 Rh8 61.Kg6 c3 62.Rh3  1-0

[Event "JUG-chT"]
[Site "Cetinje"]
[Date "1993.??.??"]
[Round "?"]
[White "Djuric, Stefan"]
[Black "Ruban, Vadim"]
[Result "0-1"]
[WhiteElo "2495"]
[BlackElo "2590"]

1.Nf3 d5 2.c4 e6 3.g3 dxc4 4.Qa4+ Nd7 5.Qxc4 b6 6.Bg2 Bb7 7.O-O Ngf6 8.Qc2 c5
9.Nc3 Be7 10.b3 O-O 11.Bb2 Rc8 12.Rad1 a6 13.d3 Qc7 14.Qb1 Nd5 15.Nxd5 Bxd5
16.Qa1 Bf6 17.Bxf6 Nxf6 18.Qb2 Nd7 19.Rc1 Qb7 20.b4 cxb4 21.e4 Bc6 22.Qxb4 Nc5
23.Ne5 Bb5 24.Rfd1 Rfd8 25.d4 Nxe4 26.Rxc8 Rxc8 27.Re1 f5 28.a4 Bc6 29.Nxc6 Qxc6
30.Qb1 Kf7 31.h4 Rc7 32.Kh2 Qc2 33.Qxb6 Re7 34.Qb8 Qxf2 35.Rf1 Qd2 36.Qe5 Nf6
37.Kh1 Ng4 38.Qc5 Ne3 39.Rg1 Rd7 40.Qc6 Qxd4 41.Qxa6 Ng4 42.Re1 Re7 43.Qa5 Qd3
44.Rg1 Qxg3 45.Qxf5+ Kg8 46.Qxh7+ Kxh7 47.Be4+ Kh6 48.Rxg3 Nf2+ 49.Kg2 Nxe4
50.Ra3 Ra7 51.Kf3 Nc5 52.a5 Ra6 53.Kf4 Nb7 54.Rb3 Nxa5 55.Ra3 Ra7  0-1

[Event "JUG-chT"]
[Site "Cetinje"]
[Date "1993.??.??"]
[Round "?"]
[White "Makarov, Marat"]
[Black "Blagojevic, Dragisa"]
[Result "1/2-1/2"]
[WhiteElo "2540"]
[BlackElo "2465"]

1.Nf3 d5 2.c4 c6 3.e3 Nf6 4.Nc3 Nbd7 5.cxd5 cxd5 6.d4 e6 7.Be2 Bd6 8.O-O a6
9.a4 O-O 10.Qb3 b6 11.Bd2 Ne4 12.Rfd1 Bb7 13.Be1 f5  1/2-1/2

[Event "JUG-chT"]
[Site "Cetinje"]
[Date "1993.??.??"]
[Round "?"]
[White "Notaros, Krasoje"]
[Black "Petronijevic, Zoran"]
[Result "0-1"]
[WhiteElo "2360"]
[BlackElo "2315"]

1.Nf3 d5 2.c4 e6 3.g3 Nf6 4.Bg2 Be7 5.O-O O-O 6.d4 dxc4 7.Na3 Bxa3 8.bxa3 Nd5
9.Qc2 Nb6 10.Rd1 Nc6 11.Rb1 Bd7 12.e4 Ne7 13.Qc3 f5 14.d5 exd5 15.Bb2 Rf6
16.exd5 Ba4 17.Rd3 Nexd5 18.Qa5 Rd6 19.Be5 Rd7 20.Nh4 c3 21.Rd4 c2 22.Rc1 Ne7
23.Rxd7 Qxd7 24.Bf3 Nc6 25.Qc3 Nxe5 26.Qxe5 Qd2 27.Nxf5 Qxc1+ 28.Kg2 Qg5
29.Ne7+ Qxe7  0-1

[Event "JUG-chT"]
[Site "Cetinje"]
[Date "1993.??.??"]
[Round "?"]
[White "Vukanovic, Sasa"]
[Black "Petronijevic, Zoran"]
[Result "0-1"]
[WhiteElo "2355"]
[BlackElo "2315"]

1.Nf3 d5 2.c4 e6 3.g3 Nf6 4.Bg2 Be7 5.O-O O-O 6.b3 b6 7.e3 Bb7 8.d3 dxc4
9.bxc4 c5 10.Bb2 Na6 11.Qe2 Nc7 12.Nc3 a6 13.a4 Qe8 14.Rab1 Rb8 15.e4 Bc6
16.Bc1 Qc8 17.Ne5 Be8 18.f4 b5 19.axb5 axb5 20.cxb5 Nxb5 21.Nxb5 Bxb5 22.Be3 Rd8
23.h3 Qa6 24.Nc4 Ra8 25.Rfc1 Ra7 26.Kh2 Ne8 27.Ra1 Qb7 28.e5 Qc7 29.Rxa7 Qxa7
30.Qb2 Qd7 31.Rc3 Bc6 32.Nb6 Qb7 33.Bxc6 Qxc6 34.d4 h5 35.dxc5 h4 36.Qg2 hxg3+
37.Kxg3 Qb5 38.Bf2 Rd2 39.Qf3 Qf1 40.Nc4 Rxf2 41.Qxf2 Bh4+ 42.Kxh4 Qxf2+
43.Kg4 f5+ 44.Kg5 Qg1+ 45.Kh5 Qd4  0-1

[Event "Copenhagen OBRO"]
[Site "Copenhagen"]
[Date "1993.??.??"]
[Round "2"]
[White "Bang, Andreas"]
[Black "Wlodarczyk, Robert"]
[Result "1/2-1/2"]
[WhiteElo "2305"]
[BlackElo "2320"]

1.Nf3 d5 2.c4 e6 3.d4 Nf6 4.Bg5 Be7 5.Nc3 O-O 6.e3 h6 7.Bxf6 Bxf6 8.Qc2 c5
9.dxc5 Nc6 10.cxd5 exd5 11.O-O-O Be6 12.Nd4 Qe7 13.Nxc6 bxc6 14.Na4 Rab8
15.b3 Rb4 16.Kd2 Rfb8 17.Rb1 d4 18.e4 Bg5+ 19.Ke1 Bd5 20.f3 f5 21.Bd3 fxe4
22.fxe4 Bxe4 23.Kd1 Bxd3 24.Qxd3 Re8 25.Rb2 Qc7 26.Re2 Re3 27.Qf5 Rxe2 28.Kxe2 Qe7+
29.Kd1 Qe3 30.Qc8+ Kh7 31.Qf5+ Kg8 32.Qc8+ Kh7 33.Qf5+ Kg8  1/2-1/2

[Event "Copenhagen OBRO"]
[Site "Copenhagen"]
[Date "1993.??.??"]
[Round "7"]
[White "Hutters, Tomas"]
[Black "Stodola, Jaroslav"]
[Result "1-0"]
[WhiteElo "2430"]
[BlackElo "2230"]

1.Nf3 d5 2.c4 d4 3.g3 Nc6 4.Bg2 e5 5.d3 Bb4+ 6.Bd2 a5 7.Na3 Nf6 8.Nc2 Bxd2+
9.Nxd2 O-O 10.O-O Re8 11.h3 Bf5 12.g4 Bg6 13.Nf3 Nd7 14.a3 a4 15.Nb4 Nc5
16.Nd2 Na5 17.f4 exf4 18.Rxf4 Qg5 19.Rf2 c6 20.Nf3 Qd8 21.Qf1 Nab3 22.Rd1 Qe7
23.Kh1 Rad8 24.Nc2 Rd6 25.Nd2 h5 26.Bf3 h4 27.Nxb3 axb3 28.Ne1 Bh7 29.Qg1 g5
30.Qh2 Rf6 31.Ng2 Bg6 32.Qg1 Kg7 33.Rff1 Qe5 34.Qh2 Qe7 35.Qg1 Qe5 36.Qh2 Qe6
37.Qg1 Re7 38.Qxd4 Nd7 39.e4 Ne5 40.Be2  1-0

[Event "Copenhagen OBRO"]
[Site "Copenhagen"]
[Date "1993.??.??"]
[Round "7"]
[White "Bang, Andreas"]
[Black "Christensen, Tobias"]
[Result "1/2-1/2"]
[WhiteElo "2305"]
[BlackElo "2375"]

1.Nf3 d5 2.c4 dxc4 3.Qa4+ Nd7 4.g3 a6 5.Qxc4 b5 6.Qb3 Bb7 7.Bg2 e6 8.O-O c5
9.d3 Ngf6 10.Nc3 Be7 11.a4 c4 12.dxc4 Nc5 13.Qa2 b4 14.Rd1 Qb8 15.Bf4 Qa7
16.Be3 Ng4 17.Bd4 e5 18.Nxe5 Nxe5 19.Nd5 Ned7 20.Nc7+ Kf8 21.Bxb7 Qxb7 22.Nxa8 Qxa8
23.Bxc5 Nxc5 24.Rd5 f6 25.b3 Kf7 26.Rad1 g6 27.Qc2 Re8 28.e4 Qc8 29.Kg2 h5  1/2-1/2

[Event "Copenhagen op15"]
[Site "Copenhagen"]
[Date "1993.??.??"]
[Round "9"]
[White "Danielsen, Henrik"]
[Black "Smagin, Sergey"]
[Result "1/2-1/2"]
[WhiteElo "2445"]
[BlackElo "2520"]

1.Nf3 d5 2.c4 e6 3.d4 Nf6 4.Nc3 Nbd7 5.cxd5 exd5 6.Bg5 Be7 7.e3 Nb6 8.Qc2 Be6
9.Bd3 h6 10.Bf4 c6 11.h3 Nc4 12.O-O O-O 13.b3 Nd6 14.Ne5 Qc8 15.Na4 Bf5 16.Bxf5 Nxf5
17.Nc5 Bxc5 18.Qxc5 Ne4 19.Qc2 Re8 20.Rfe1 Qe6 21.f3 Ng5 22.Qf2 Rad8 23.Rad1 Qf6
24.Bh2 Re7 25.Re2 Re6 26.Rde1 Qe7 27.Kh1 Nh7 28.g4 Nd6 29.Bg3 Re8 30.Nd3 f5
31.Be5 Ng5 32.Nf4 Rxe5 33.Ng6 Qe6 34.Nxe5 Nxh3 35.Qg2 Ng5 36.Rg1 Re7 37.f4 Nge4
38.Qh3 fxg4 39.Nxg4 Nf5 40.Kh2 c5 41.dxc5 Nxc5 42.Ne5 Nd6 43.Qh4 g5 44.Nf3 Nf5
45.Qh3 Nxe3 46.Nxg5 Qxh3+ 47.Nxh3+ Kf7 48.Rd2 Ne4 49.Rd3 Nf6 50.Nf2 Nf5 51.Rd2 d4  1/2-1/2

[Event "CUB-ch"]
[Site "?"]
[Date "1993.??.??"]
[Round "3"]
[White "Lopez Jimenez, Armando"]
[Black "Larduet, Carlos"]
[Result "1/2-1/2"]
[WhiteElo "2265"]
[BlackElo "2335"]

1.Nf3 d5 2.c4 c6 3.b3 Bf5 4.Bb2 e6 5.g3 h6 6.Bg2 Nf6 7.O-O Nbd7 8.d4 Bd6
9.Nc3 Qe7 10.Nd2 Ba3 11.Bxa3 Qxa3 12.e4 dxe4 13.Ndxe4 O-O 14.Qe2 Rad8 15.Rfd1 Rfe8
16.Rd2 Re7 17.Rad1 Bxe4 18.Nxe4 Nxe4 19.Qxe4 Nf6  1/2-1/2

[Event "CUB-ch"]
[Site "?"]
[Date "1993.??.??"]
[Round "9"]
[White "Lopez Jimenez, Armando"]
[Black "Leyva, Hector"]
[Result "1-0"]
[WhiteElo "2265"]
[BlackElo "2355"]

1.Nf3 d5 2.c4 e6 3.e3 Nf6 4.d4 Be7 5.Nc3 O-O 6.b3 Bb4 7.Bd2 Qe7 8.Bd3 c6
9.O-O Nbd7 10.Qc2 Bd6 11.e4 dxc4 12.Bxc4 e5 13.dxe5 Nxe5 14.Nxe5 Qxe5 15.f4 Bc5+
16.Kh1 Qh5 17.f5 Ng4 18.Bf4 g5 19.Bg3 Ne3 20.Qd2 b5 21.Be2 Nxf1 22.Rxf1 Qh6
23.e5 Bb4 24.Qc1 Rd8 25.Ne4 Be7 26.e6 Bxe6 27.Qxc6 Rac8 28.Qa6 Rc2 29.fxe6 f5
30.Bxb5 fxe4 31.Qxa7 Qxe6 32.Qe3 Kh8 33.Bc4 Rxc4 34.bxc4 Qxc4 35.Re1 Bb4
36.Be5+ Kg8 37.Qxg5+ Kf7 38.Rc1 Qd5 39.Rc7+ Ke8 40.h3 Qe6 41.Rxh7 Rd1+ 42.Kh2 Rd5
43.Qh5+ Kd8 44.Qh4+ Ke8 45.Qh5+ Kd8 46.Qh4+ Ke8 47.Rh8+ Kd7 48.Qd8+ Kc6 49.Qc7+ Kb5
50.Rb8+ Ka4 51.Qc2+ Ka5 52.Ra8+ Kb6 53.Qc7+  1-0

[Event "Cuxhaven op"]
[Site "Cuxhaven"]
[Date "1993.??.??"]
[Round "7"]
[White "Lerner, Konstantin Z"]
[Black "Raetsky, Alexander"]
[Result "1/2-1/2"]
[WhiteElo "2530"]
[BlackElo "2405"]

1.Nf3 d5 2.c4 d4 3.e3 Nc6 4.exd4 Nxd4 5.Nxd4 Qxd4 6.Nc3 e5 7.d3 Ne7 8.Be3 Qd8
9.Qe2 Nc6 10.O-O-O Be7 11.g3 O-O 12.Bg2 Nd4 13.Qh5 f6 14.Bd5+ Kh8 15.Bxd4 exd4
16.Ne2 c6 17.Bf7 f5 18.h4 Bd6 19.Bg6 h6 20.Nxd4 Qf6 21.Nf3 Be6 22.Qg5 b5
23.Qxf6 Rxf6 24.h5 bxc4 25.Nd4 Bd5 26.Rhe1 cxd3 27.Rxd3 Be4 28.Rdd1 Bb4 29.Rf1 Bd5
30.a3 Bc5 31.Nxf5 Bf3 32.Rd2 Bxh5 33.Bxh5 Rxf5 34.Bg4 Rf6 35.Re2 g5 36.f3 Rd8
37.Kc2 Kg7 38.Bh5 Rd7 39.f4 gxf4 40.gxf4 Re7 41.Rg2+ Kf8 42.f5 Re5 43.Bg6 Rd6
44.Bh7 Re7 45.Rg8+ Kf7 46.Rb8 Kf6 47.Bg6 Re2+ 48.Kb3 Rdd2 49.Ka4 Rxb2 50.Rxb2 Rxb2
51.Rc1 Bd4 52.Rxc6+ Kg5 53.Rc7 h5 54.Rh7 h4 55.Be8 Kg4 56.Bc6 h3 57.f6  1/2-1/2

[Event "CZE-ch"]
[Site "?"]
[Date "1993.??.??"]
[Round "1"]
[White "Jirovsky, Milos"]
[Black "Mitura, Vaclav"]
[Result "1-0"]
[WhiteElo "2420"]
[BlackElo "2260"]

1.Nf3 d5 2.c4 c6 3.b3 Bg4 4.e3 e6 5.Bb2 Nf6 6.Be2 Nbd7 7.O-O Be7 8.h3 Bh5
9.Nc3 O-O 10.Nh2 Bxe2 11.Qxe2 Ne4 12.d3 Nxc3 13.Bxc3 Bf6 14.Bxf6 Qxf6 15.Nf3 Rad8
16.d4 Qe7 17.Rac1 Nf6 18.Rfd1 Ne4 19.Qe1 Rfe8 20.Qa5 Rc8 21.Rc2 Qc7 22.Qe1 Rcd8
23.Rdc1 a6 24.Ne5 f6 25.Nf3 Re7 26.a4 Nd6 27.Qb4 Nf7 28.Qc5 Qd6 29.Qa5 Qc7
30.Qxc7 Rxc7 31.c5 e5 32.b4 h5 33.Rb2 g5 34.Ra1 Re8 35.b5 axb5 36.axb5 g4
37.hxg4 hxg4 38.Nh4 exd4 39.exd4 Re4 40.Ra7 cxb5 41.Rxb5 Rxd4 42.c6 g3 43.fxg3 Rd1+
44.Kf2 Rxc6 45.Rbxb7 Rc2+ 46.Ke3 d4+ 47.Kf4 Rf1+ 48.Nf3 Nd6 49.Rg7+ Kf8 50.Rh7 Kg8
51.Rag7+ Kf8 52.Rd7 Kg8 53.Rhe7  1-0

[Event "CZE-chT"]
[Site "?"]
[Date "1993.??.??"]
[Round "?"]
[White "Zabystrzan, Pavel"]
[Black "Pachman, Ludek"]
[Result "1/2-1/2"]
[WhiteElo "2290"]
[BlackElo "2370"]

1.Nf3 d5 2.c4 e6 3.d4 Nf6 4.e3 Be7 5.Nc3 O-O 6.Be2 b6 7.O-O Bb7 8.b3 Nbd7
9.Bb2 Ne4 10.Nxe4 dxe4 11.Ne5 Nxe5  1/2-1/2

[Event "CZE-chT"]
[Site "?"]
[Date "1993.??.??"]
[Round "?"]
[White "Zabystrzan, Pavel"]
[Black "Jirovsky, Petr"]
[Result "1/2-1/2"]
[WhiteElo "2290"]
[BlackElo "2290"]

1.Nf3 d5 2.c4 e6 3.d4 Nf6 4.Nc3 Nbd7 5.cxd5 exd5 6.Bg5 Be7 7.e3 c6 8.Qc2 h6
9.Bf4 O-O 10.Bd3 Re8 11.h3 Nf8 12.O-O Bd6 13.Be5 Bxe5 14.Nxe5 N6d7 15.Nf3 Nb6
16.Ne2 Be6 17.Nf4 Qe7 18.Rfc1 Rac8 19.a3 Nbd7 20.Qd1 Qd6 21.Rc3 Nf6 22.Nxe6 Nxe6
23.b4 Nd7 24.Qc2 Rc7 25.Rc1 Rec8 26.Qb2 b5  1/2-1/2

[Event "CZE-chT"]
[Site "?"]
[Date "1993.??.??"]
[Round "?"]
[White "Znamenacek, Kvetoslav"]
[Black "Talla, Vladimir"]
[Result "1/2-1/2"]
[WhiteElo "2275"]
[BlackElo "2225"]

1.Nf3 d5 2.c4 c6 3.b3 Nf6 4.g3 Bg4 5.Bg2 e6 6.O-O Be7 7.Bb2 O-O 8.d3 a5 9.a3 Nbd7
10.Nbd2 b5 11.Rc1 bxc4 12.bxc4 Qb6 13.Rc2 Bxf3 14.Bxf3 Qa6 15.Qa1 Nc5 16.Rfc1 Rfc8
17.a4 Ncd7 18.Nb3 Bb4 19.Bd4 h6 20.h3 Rab8 21.Bb2 Bf8 22.Nd2 Be7 23.Kg2 Bb4
24.Nb3 Bf8 25.Nd2 Bb4 26.Nb3 Bf8 27.Qa2 Qb6 28.Nd2 Qa6  1/2-1/2

[Event "CZE-chT"]
[Site "?"]
[Date "1993.??.??"]
[Round "?"]
[White "Jirovsky, Milos"]
[Black "Zurek, Milan"]
[Result "1/2-1/2"]
[WhiteElo "2420"]
[BlackElo "2390"]

1.Nf3 d5 2.c4 c6 3.d4 Nf6 4.Nc3 Bf5 5.e3 e6 6.Be2 h6 7.O-O Nbd7 8.b3 Be7
9.Bb2 O-O 10.Bd3 Bxd3 11.Qxd3 Qa5 12.e4 dxe4 13.Nxe4 Nxe4 14.Qxe4 Ba3 15.Bxa3 Qxa3
16.Qe2 Nf6 17.Rfd1 Rfd8 18.Rd3 Rd6 19.Rad1 Rad8 20.g3 Qa5 21.Kg2 Qf5 22.Re3 Qa5
23.Red3 Qf5 24.Re3 Qa5 25.h3 Qc7 26.Red3 Qa5 27.R3d2 Qf5 28.Qe5 Qe4 29.Qa5 b6
30.Qxa7 c5 31.Re1 Qc6 32.d5 exd5 33.Ne5 Qe8 34.Nf3 Qd7 35.Qxd7 R6xd7 36.cxd5  1/2-1/2

[Event "CZE-chT"]
[Site "?"]
[Date "1993.??.??"]
[Round "?"]
[White "Freisler, Pavel"]
[Black "Dobrovolsky, Ladislav"]
[Result "1/2-1/2"]
[WhiteElo "2395"]
[BlackElo "2390"]

1.Nf3 d5 2.c4 c6 3.b3 Nf6 4.g3 e6 5.Bg2 Nbd7 6.O-O Bd6 7.Bb2 O-O 8.d3 Re8
9.Nbd2 e5 10.cxd5 cxd5 11.e4 d4 12.Nh4 g6 13.Nc4 Bc7 14.a4 Nb6 15.Bc1 Nxc4
16.bxc4 Nd7 17.Bh3 Nc5 18.Bxc8 Rxc8 19.Ng2 Ba5 20.f4 Bc7 21.Ba3 Bd6 22.fxe5 Bxe5
23.Bxc5 Rxc5 24.Rb1 Qc7 25.Rb5 Re6 26.Qb3 b6 27.Nf4 Bxf4 28.Rxf4 Ree5 29.Qb2 Qd7
30.Qf2 h5 31.Kg2 Re7 32.h4 Ree5 33.Rf6 Kg7 34.Qf4 Re6 35.Rxe6 Qxe6 36.Rxc5 bxc5
37.a5 Qg4 38.Qxg4 hxg4 39.Kf2 Kf6 40.Ke2 Ke5 41.Kd2 f6 42.Kd1  1/2-1/2

[Event "Debrecen-B"]
[Site "Debrecen"]
[Date "1993.??.??"]
[Round "8"]
[White "Felegyhazi, Laszlo"]
[Black "Laszlo, Janos"]
[Result "1/2-1/2"]
[WhiteElo "2280"]
[BlackElo "2305"]

1.Nf3 d5 2.c4 e6 3.g3 dxc4 4.Bg2 Nd7 5.Qa4 a6 6.Qxc4 b5 7.Qc2 Bb7 8.O-O c5
9.b3 Be7 10.Bb2 Bf6 11.Nc3 Ne7 12.a4 Qb6 13.axb5 axb5 14.Rxa8+ Bxa8 15.Ra1 Bb7
16.Qd3 Bc6 17.Ne1 O-O 18.Bxc6 Nxc6 19.Nd1 Nde5 20.Qe4 Rd8 21.d3 Nd7 22.Nf3 Bxb2
23.Nxb2 Nf6 24.Qh4 h6 25.e3 Qb7 26.Qh3 Nb4 27.Ne1 Ra8 28.Rc1 Ra2 29.Nd1 Qa7
30.Qf1 Ra1 31.Rxa1 Qxa1 32.Qe2 Nfd5 33.Qd2 Qb1 34.e4 Nc7 35.Nb2 e5 36.Kg2 Ne6
37.Nf3 f6 38.Qc3 Qc2 39.Qxc2 Nxc2 40.Nd1 Na1 41.Nd2 Nd4 42.Nc3 b4 43.Na4 Naxb3
44.Nxb3 Nxb3 45.Kf3 Kf7 46.h4 h5 47.Ke3 Ke6 48.f4 g6 49.Nb6 exf4+ 50.gxf4 Na5
51.Na4 Nb3 52.Nb6 Nd4 53.Na4 Kd6 54.Nb6 b3 55.Nc4+ Kc6 56.e5 fxe5 57.fxe5 Kd5
58.Kf4 Nc6 59.Ne3+ Ke6 60.Nc4 Nxe5 61.Nb2 Nxd3+ 62.Nxd3 c4 63.Nb2 Kd5 64.Ke3 c3
65.Na4 Kc4 66.Nb6+ Kc5 67.Nd7+ Kd6 68.Nf6 Ke5 69.Nd7+ Kf5  1/2-1/2

[Event "Arab-ch8 Doha"]
[Site "Doha"]
[Date "1993.??.??"]
[Round "5"]
[White "Abdulla, A."]
[Black "Abdulghafour, Yousef"]
[Result "1-0"]
[WhiteElo "2300"]
[BlackElo "2240"]

1.Nf3 d5 2.c4 e6 3.g3 dxc4 4.Qa4+ c6 5.Qxc4 b5 6.Qc2 Bb7 7.Bg2 Nf6 8.O-O Be7
9.b3 O-O 10.Bb2 Nbd7 11.Nd4 Rc8 12.d3 Qb6 13.Nd2 Rfd8 14.Rac1 Nf8 15.N4f3 Ng6
16.Qb1 a6 17.Qa1 c5 18.Ng5 Bxg2 19.Kxg2 Qb7+ 20.Kg1 Nd5 21.Nde4 Bxg5 22.Nxg5 Ndf4
23.gxf4 Nxf4 24.f3 Nxe2+ 25.Kh1 Nxc1 26.Bxg7 Ne2 27.Qf6 Nd4 28.Qh6  1-0

[Event "Dortmund op-A"]
[Site "Dortmund"]
[Date "1993.??.??"]
[Round "2"]
[White "Stangl, Markus"]
[Black "Hedke, Fred"]
[Result "1-0"]
[WhiteElo "2505"]
[BlackElo "2320"]

1.Nf3 d5 2.c4 e6 3.g3 Nf6 4.Bg2 Be7 5.O-O O-O 6.d4 dxc4 7.Qc2 a6 8.Qxc4 b5
9.Qc2 Bb7 10.Bf4 Bd6 11.Nbd2 Bxf4 12.gxf4 Nbd7 13.Rfc1 Rc8 14.Nb3 Be4 15.Qc3 Nd5
16.Qd2 Bxf3 17.Bxf3 Qh4 18.e3 f5 19.Kh1 Rf6 20.Rg1 Rh6 21.Rg2 Kh8 22.Rc1 Qe7
23.Qa5 Qd6 24.Nc5 Nxc5 25.Rxc5 Rg6 26.Rxg6 hxg6 27.Kg2 Kh7 28.h3 Nxf4+ 29.exf4 Qxf4
30.Qxa6 Rd8 31.Qxe6 Qg5+ 32.Kf1 Rxd4 33.Rxc7 Qh6 34.Rc8 Qxh3+ 35.Ke2  1-0

[Event "Dortmund op-A"]
[Site "Dortmund"]
[Date "1993.??.??"]
[Round "5"]
[White "Blechzin, Igor"]
[Black "Maljutin, Evgeni"]
[Result "0-1"]
[WhiteElo "2355"]
[BlackElo "2505"]

1.Nf3 d5 2.c4 d4 3.e3 Nc6 4.exd4 Nxd4 5.Nxd4 Qxd4 6.Nc3 e5 7.d3 Ne7 8.Be2 Be6
9.O-O Nf5 10.Qb3 Qb6 11.Qb5+ Qxb5 12.Nxb5 Kd7 13.f4 h5 14.fxe5 a6 15.d4 axb5
16.d5 Bc5+ 17.Kh1 b4 18.dxe6+ fxe6 19.g3 g6 20.Rd1+ Ke8 21.Bf3 c6 22.Be4 Rh7
23.a4 bxa3 24.bxa3 Rd7 25.Rxd7 Kxd7 26.Bb2 Kc7 27.Rd1 Ra6 28.Ra1 Rb6 29.Rb1 Rb3
30.Bc2 Re3 31.a4 Re2 32.Bd3 Rd2 33.Be4 Bd4 34.Bxf5 exf5 35.Ba3 Bxe5 36.Bc5 Ra2
37.a5 Ra1 38.Rxa1 Bxa1 39.Kg2 Bc3 40.Bb6+ Kd6 41.Kf3 Bb4 42.h4 Be1 43.Kf4 Bd2+
44.Kf3 Ke5 45.Ke2 Bc1 46.Kf3 g5 47.hxg5 Bxg5 48.Bf2 f4 49.gxf4+ Bxf4 50.Bb6 Kf5
51.Bd8 Bg5 52.Bc7 h4 53.Bb6 Bf4 54.Kg2 Kg4  0-1

[Event "Dortmund op-A"]
[Site "Dortmund"]
[Date "1993.??.??"]
[Round "6"]
[White "Stangl, Markus"]
[Black "Bischof, Detlef"]
[Result "1-0"]
[WhiteElo "2505"]
[BlackElo "2350"]

1.Nf3 d5 2.c4 e6 3.g3 Nf6 4.Bg2 dxc4 5.Qa4+ Nbd7 6.Qxc4 a6 7.Qb3 Rb8 8.a4 b6
9.O-O Be7 10.Na3 Bb7 11.Nc4 O-O 12.d3 Rc8 13.Bf4 Nd5 14.Bd2 c5 15.Nfe5 Nxe5
16.Nxe5 Qc7 17.Nc4 Nb4 18.Bf4 Bxg2 19.Bxc7 Bxf1 20.Kxf1 Rxc7 21.Nxb6  1-0

[Event "Dortmund op-A"]
[Site "Dortmund"]
[Date "1993.??.??"]
[Round "8"]
[White "Matthaei, Alexander"]
[Black "Hedke, Fred"]
[Result "1/2-1/2"]
[WhiteElo "2270"]
[BlackElo "2320"]

1.Nf3 d5 2.c4 e6 3.b3 Nf6 4.Bb2 Be7 5.d4 O-O 6.Nbd2 b6 7.e3 Bb7 8.Bd3 Nbd7
9.O-O Ne4 10.Qc2 Ndf6 11.Ne5 Bd6 12.cxd5 Nxd2 13.Qxd2 exd5 14.Bb5 a6 15.Bc6 Bxc6
16.Nxc6 Qe8 17.Rfc1 Qe4 18.Ne5 Qh4 19.a4 Ne4 20.Qc2 Rfe8 21.Nf3 Qh5 22.Ba3 c5
23.a5 Re6 24.h3 Rg6 25.Kf1 bxa5 26.dxc5 Bc7 27.Rd1 Rf6 28.Rd4 Rxf3 29.Rxe4 Rxh3
30.gxh3 Qxh3+ 31.Ke2 Qh5+ 32.Kf1 Qh1+ 33.Ke2 Qh5+ 34.Kf1 Qh1+ 35.Ke2 Qxe4
36.Qxe4 dxe4 37.Rd1 Rd8 38.Rd4 f5 39.c6 Kf7 40.Rxd8 Bxd8 41.Bd6 a4 42.bxa4 g5
43.c7 Bxc7 44.Bxc7 h5 45.Kd2 h4 46.Ke2 Kg6 47.Kf1 Kh5 48.Kg2 Kg4 49.f3+ exf3+
50.Kf2 f4 51.exf4 gxf4 52.Kg1 Kf5 53.Bb6 Ke4 54.Kf1 Kf5 55.Bg1 h3 56.Kf2  1/2-1/2

[Event "Dortmund op-A"]
[Site "Dortmund"]
[Date "1993.??.??"]
[Round "9"]
[White "Kochyev, Alexander"]
[Black "Schmidt, Peter"]
[Result "1/2-1/2"]
[WhiteElo "2475"]
[BlackElo "2410"]

1.Nf3 d5 2.c4 c6 3.d4 Nf6 4.e3 Bf5 5.cxd5 cxd5 6.Qb3 Qc7 7.Bd2 e6 8.Bb5+ Nc6
9.Bb4 Bd6 10.Bxd6 Qxd6 11.Qa3 Ke7 12.Bxc6 bxc6 13.Qxd6+ Kxd6 14.Ne5 Rhb8
15.Nxf7+ Ke7 16.Ne5 Rxb2 17.Nc3 Rc8 18.O-O Ne4 19.Nd3 Rd2  1/2-1/2

[Event "Dresden op"]
[Site "Dresden"]
[Date "1993.??.??"]
[Round "?"]
[White "Berg, George P"]
[Black "Martin, Stefan"]
[Result "0-1"]
[WhiteElo "2200"]
[BlackElo "2215"]

1.Nf3 d5 2.c4 Nf6 3.b3 Bf5 4.Bb2 e6 5.d3 dxc4 6.bxc4 Nbd7 7.Nbd2 h6 8.g3 Bc5
9.Qa4 c6 10.Nb3 Qb6 11.Nxc5 Qxb2 12.Nb3 Nc5 13.Qa5 b6 14.Qd2 Qxd2+ 15.Nfxd2 Ncd7
16.Bg2 Rc8 17.Nd4 c5 18.Nxf5 exf5 19.O-O O-O 20.a4 Rfe8 21.Rfe1 Ne5 22.f4 Nc6
23.Bxc6 Rxc6 24.Rad1 Rce6 25.e4 fxe4 26.Nxe4 Nxe4 27.Rxe4 Rxe4 28.dxe4 Rxe4
29.Rd7 a5 30.Rb7 Rxc4 31.Rxb6 Rxa4 32.Rc6 Ra1+ 33.Kg2 a4 34.Rxc5 a3 35.Ra5 a2
36.Kh3 g6 37.Kg2 Kg7 38.Kh3 Kf6 39.g4 Ke6 40.Kg2 f5 41.h3 Kd6 42.Ra8 Kd5
43.Ra5+ Ke4 44.Ra4+ Ke3 45.gxf5 gxf5 46.Ra3+ Kxf4 47.Ra8 Ke4 48.Re8+ Kd5
49.Rd8+ Kc6 50.Ra8 f4 51.Ra3 f3+ 52.Kf2 Rh1 53.Rxa2 Rh2+ 54.Kxf3 Rxa2 55.Kg4 Ra5
56.h4 Kd6 57.h5 Ke6 58.Kf4 Rxh5  0-1

[Event "ESP-ch"]
[Site "?"]
[Date "1993.??.??"]
[Round "8"]
[White "Fernandez Lopez, Felix"]
[Black "Rojo Huerta, Gabriel"]
[Result "1/2-1/2"]
[WhiteElo "2335"]
[BlackElo "2300"]

1.Nf3 d5 2.c4 dxc4 3.e3 Nf6 4.Bxc4 e6 5.O-O c5 6.d4 a6 7.Qe2 Qc7 8.Rd1 Nc6
9.a4 Bd7 10.Nc3 Bd6 11.dxc5 Bxc5 12.h3 Ne5 13.Nxe5 Qxe5 14.Bd2 Bc6 15.Rab1 Ne4
16.Nxe4 Bxe4 17.Bd3  1/2-1/2

[Event "ESP-chT"]
[Site "?"]
[Date "1993.??.??"]
[Round "?"]
[White "Ruiz, Agustin"]
[Black "Gomez Esteban, Juan Mario"]
[Result "0-1"]
[WhiteElo "2295"]
[BlackElo "2450"]

1.Nf3 d5 2.c4 d4 3.g3 c5 4.b4 cxb4 5.d3 Nc6 6.a3 e5 7.Bg2 Nf6 8.O-O a5 9.axb4 Bxb4
10.Na3 O-O 11.Nb5 h6 12.Ba3 Qe7 13.Nd2 Bf5 14.Nb3 Rfd8 15.Bxb4 axb4 16.Rxa8 Rxa8
17.Qd2 Rd8 18.Qb2 Bg6 19.Qa1 Kh7 20.Na7 e4 21.Nxc6 bxc6 22.Nxd4 Qd6 23.Nb3 exd3
24.c5 Qd7 25.exd3 Qxd3 26.Qa4 Be4 27.Qxb4 Bxg2 28.Kxg2 Nd5 29.Qa5 Rb8 30.Nc1 Qe4+
31.Kg1 Rb2 32.Qa3 Rd2 33.Nb3 Ne3 34.f3 Rg2+ 35.Kh1 Rxh2+ 36.Kxh2 Qc2+  0-1